00361nam a22001217a 4500008004500000020001800045082001300063100002600076245007800102250000800180260003300188300001800221220519b 2015 ||||| |||| 00| 0 eng d a9789383750238 a620bTHO aThombre-Patil, Vinod  aThermal Engineeringbsecond year diploma course in mechanical engineering a2nd aPunebNirali Prakashanc2015 a1.1 to 6.42p.